| 000 | 00852nam a2200205Ia 4500 | ||
|---|---|---|---|
| 008 | 0000001990 sp a 0000000000spa00 | ||
| 090 | _aPSP00 B17m | ||
| 100 | 1 |
_aBarceló, Miguel _d1957 |
|
| 245 | 1 | 0 |
_aMiguel Barceló _b: obras 1989 _c/ fotografías Cécile Franken ... [et al.] |
| 300 |
_a41 p. _c/ 28 cm. |
||
| 500 | _aExposición realizada en la Galería Soledad Lorenzo, Madrid, Enero 25 Febrero 24, 1990 \ Texto bilingue : inglés español \ Con el patronazgo del maestro venezolano Jesús Rafael Soto (q.e.p.d.) | ||
| 600 | 0 | 0 |
_aBARCELO, MIQUEL, 1957/ _xTRABAJOS PICTORICOS |
| 650 | 1 | 4 | _aARTE CONTEMPORANEO ESPAÑOL |
| 650 | 1 | 4 | _xCATALOGOS |
| 650 | 1 | 4 | _xEXPOSICIONES |
| 650 | 1 | 4 | _aPINTORES ESPAÑOLES |
| 650 | 1 | 4 | _aPINTURA ESPAÑOLA |
| 700 | 1 | _aFranken, Cécile | |
| 999 |
_c4931 _d4931 |
||
| 260 |
_aMadrid : Galería Soledad Lorenzo _c1990 |
||